MARC

LEADER 00000nam0a2200000 4500
001 25305
005 20231101205647.0
010 |a 5897370796 
035 |a (RuTPU)RU\TPU\book\25541 
035 |a BOOK00025616 
090 |a 25305 
100 |a 20011209d2000 m y0rusy50 ca 
101 0 |a chi  |a rus 
102 |a RU 
105 |a a j 001zy 
200 1 |a Лексика китайского языка  |e учебник  |f А. Л. Семенас 
210 |a Москва  |c Муравей  |d 2000 
215 |a 320 с. 
606 |a Китайский язык  |2 stltpush  |3 (RuTPU)RU\TPU\subj\14450  |9 40833 
610 1 |a словообразование 
610 1 |a лексика 
610 1 |a фразеологизмы 
610 1 |a синонимы 
610 1 |a антонимы 
610 1 |a полисемия 
610 1 |a омонимы 
610 1 |a учебные пособия 
686 |a Ш171.11  |v LBC/SL-A  |2 rubbk 
700 1 |a Семенас  |b А. Л.  |g Алла Леоновна 
801 0 |a RU  |b 63413507  |c 20011209  |g PSBO 
801 2 |a RU  |b 63413507  |c 20190211  |g PSBO 
942 |c BK